Normal view
MARC view
Entry Topical Term
001 - CONTROL NUMBER
- control field: 28675
003 - CONTROL NUMBER IDENTIFIER
- control field: ARRUPE
005 - DATE AND TIME OF LATEST TRANSACTION
- control field: 20170208123559.0
008 - FIXED-LENGTH DATA ELEMENTS
- fixed length control field: 170208|| aca||aabn | a|a d
040 ## - CATALOGING SOURCE
- Original cataloging agency: ARRUPE
- Transcribing agency: ARRUPE
150 ## - HEADING--TOPICAL TERM
- Topical term or geographic name as entry element: Africa
- General subdivision: Discovery and exploration
670 ## - SOURCE DATA FOUND
- Source citation: Work cat.: (ARRUPE): Park, Mungo 28674, The journal of a mission to the interior of Africa in the year 1805, 1815